[Event "GER-ch Rapid Women 2017"]
[Site "Erfurt"]
[Date "2017.07.30"]
[Round "8"]
[White "Ganser, Ganokorn"]
[Black "Bachmann, Sylvia"]
[Result "1-0"]
[WhiteElo "1698"]
[BlackElo "1677"]
[Annotator "NA"]
[PlyCount "139"]
[EventDate "2017.??.??"]
[EventType "swiss"]
[EventCountry "GER"]
[SourceTitle "playchess.com"]
[Source "ChessBase"]
[SourceQuality "1"]
[TimeControl "1200"]

1. d4 {[%emt 0:00:02]} d5 {[%emt 0:00:02]} 2. c4 {[%emt 0:00:01]} e6 {[%emt 0:00:01]} 3. Nc3 {[%emt 0:00:03]} Nf6 {[%emt 0:00:03]} 4. Bg5 {[%emt 0:00:01]} Be7 {[%emt 0:00:03]} 5. e3 {[%emt 0:00:04]} c6 {[%emt 0:00:03]} 6. Nf3 {[%emt 0:00:06]} O-O {[%emt 0:00:02]} 7. a3 {[%emt 0:00:33]} Nbd7 {[%emt 0:00:09]} 8. Qc2 {[%emt 0:00:29]} Re8 {[%emt 0:00:57]} 9. Rd1 {[%emt 0:00:16]} dxc4 {[%emt 0:00:31]} 10. Bxc4 {[%emt 0:00:02]} Nd5 {[%emt 0:00:32]} 11. Bxe7 {[%emt 0:00:05]} Qxe7 {[%emt 0:00:09]} 12. O-O {[%emt 0:00:09]} N5f6 {[%emt 0:00:57]} 13. Ba2 {[%emt 0:01:53]} e5 {[%emt 0:01:21]} 14. dxe5 {[%emt 0:00:35]} Nxe5 {[%emt 0:00:04]} 15. Nxe5 {[%emt 0:00:29]} Qxe5 {[%emt 0:00:02]} 16. Bb1 {[%emt 0:00:02]} Bg4 {[%emt 0:00:18]} 17. Rde1 {[%emt 0:01:09]} Bh5 {[%emt 0:00:07]} 18. Qb3 {[%emt 0:02:45]} Rab8 {[%emt 0:00:28]} 19. h3 {[%emt 0:00:40]} b6 {[%emt 0:01:19]} 20. Rc1 {[%emt 0:01:02]} b5 {[%emt 0:02:57]} 21. Rfe1 {[%emt 0:01:04]} a5 {[%emt 0:00:22]} 22. Ne2 {[%emt 0:01:10]} a4 {[%emt 0:00:59]} 23. Qc3 {[%emt 0:00:02]} Rbc8 {[%emt 0:00:52]} 24. Qxe5 {[%emt 0:00:30]} Rxe5 {[%emt 0:00:02]} 25. Nf4 {[%emt 0:00:01]} Bg6 {[%emt 0:00:13]} 26. Nxg6 {[%emt 0:00:13]} hxg6 {[%emt 0:00:05]} 27. Red1 {[%emt 0:00:01]} Nd5 {[%emt 0:00:33]} 28. Ba2 {[%emt 0:00:01]} Nb6 {[%emt 0:00:25]} 29. Rd6 {[%emt 0:00:12]} Kf8 {[%emt 0:02:12]} 30. Rdxc6 {[%emt 0:00:02]} Rxc6 {[%emt 0:00:02]} 31. Rxc6 {[%emt 0:00:01]} Nd7 {[%emt 0:00:21]} 32. Rc7 {[%emt 0:00:16]} Re7 {[%emt 0:00:18]} 33. Rb7 {[%emt 0:00:06]} Nc5 {[%emt 0:00:37]} 34. Rxb5 {[%emt 0:00:08]} Nd3 {[%emt 0:00:02]} 35. Kf1 {[%emt 0:00:13]} Rc7 {[%emt 0:00:31]} 36. Ke2 {[%emt 0:00:04]} Nc1+ {[%emt 0:00:01]} 37. Kf3 {[%emt 0:00:11]} Nxa2 {[%emt 0:00:02]} 38. b4 {[%emt 0:00:23]} axb3 {[%emt 0:00:09]} 39. Rxb3 {[%emt 0:00:02]} Nc3 {[%emt 0:00:08]} 40. Rb2 {[%emt 0:00:11]} Ke7 {[%emt 0:00:07]} 41. Rc2 {[%emt 0:00:06]} Kd7 42. Rd2+ Ke6 {[%emt 0:00:18]} 43. Rc2 {[%emt 0:00:04]} Kd6 {[%emt 0:00:08]} 44. Rd2+ {[%emt 0:00:02]} Ke6 {[%emt 0:00:10]} 45. Rc2 {[%emt 0:00:01]} f5 {[%emt 0:00:06]} 46. Rb2 {[%emt 0:00:10]} Kd6 {[%emt 0:00:03]} 47. Rb6+ {[%emt 0:00:07]} Rc6 {[%emt 0:00:07]} 48. Rb2 {[%emt 0:00:02]} Na4 {[%emt 0:00:05]} 49. Rb4 {[%emt 0:00:21]} Nc5 {[%emt 0:00:10]} 50. Ke2 {[%emt 0:00:10]} Ra6 {[%emt 0:00:05]} 51. Rd4+ {[%emt 0:00:03]} Ke5 {[%emt 0:00:06]} 52. Rc4 {[%emt 0:00:11]} Kd5 {[%emt 0:00:02]} 53. Rc3 {[%emt 0:00:05]} g5 {[%emt 0:00:02]} 54. f3 {[%emt 0:00:03]} Rb6 {[%emt 0:00:02]} 55. Rc2 {[%emt 0:00:03]} Rb3 {[%emt 0:00:02]} 56. Rd2+ {[%emt 0:00:03]} Kc6 {[%emt 0:00:01]} 57. Ra2 {[%emt 0:00:02]} Na4 {[%emt 0:00:04]} 58. Rc2+ {[%emt 0:00:01]} Kb5 {[%emt 0:00:00]} 59. Rd2 {[%emt 0:00:03]} Nc3+ {[%emt 0:00:03]} 60. Kf2 {[%emt 0:00:03]} Kc4 {[%emt 0:00:03]} 61. Rd7 {[%emt 0:00:04]} Rb5 {[%emt 0:00:03]} 62. Rd2 {[%emt 0:00:03]} Rd5 {[%emt 0:00:02]} 63. Rb2 {[%emt 0:00:04]} Nd1+ {[%emt 0:00:01]} 64. Ke1 {[%emt 0:00:09]} Nxb2 {[%emt 0:00:02]} 65. Ke2 {[%emt 0:00:03]} Kc3 {[%emt 0:00:01]} 66. Ke1 {[%emt 0:00:04]} Rd2 {[%emt 0:00:02]} 67. Kf1 {[%emt 0:00:02]} Nd3 {[%emt 0:00:02]} 68. Kg1 {[%emt 0:00:01]} Rd1+ {[%emt 0:00:01]} 69. Kh2 {[%emt 0:00:01]} f4 {[%emt 0:00:02]} 70. h4 {[%emt 0:00:03]} 1-0

[Event "GER-ch Rapid Women 2017"]
[Site "Erfurt"]
[Date "2017.07.30"]
[Round "9"]
[White "Paehtz, Elisabeth"]
[Black "Muetsch, Annmarie"]
[Result "1-0"]
[WhiteElo "2486"]
[BlackElo "2049"]
[Annotator "TA"]
[PlyCount "141"]
[EventDate "2017.??.??"]
[EventType "swiss"]
[EventCountry "GER"]
[SourceTitle "playchess.com"]
[Source "ChessBase"]
[SourceQuality "1"]

{[%evp 19,141,25,17,-4,-7,-82,-81,-70,-69,-72,-54,-74,-38,-47,-26,-28,-1,-47,-46,-39,-35,-65,-57,-79,-70,-79,-83,-104,-74,-70,-67,-57,0,0,0,0,0,0,12,13,14,0,33,4,50,33,60,60,70,61,66,57,80,89,87,62,97,47,56,54,75,43,74,67,72,24,58,47,78,24,72,44,82,52,115,0,95,96,100,59,62,64,60,43,45,46,50,15,26,26,25,0,0,2,142,38,111,111,227,250,241,239,234,225,200,183,261,256,511,484,529,448,628,537,491,445,29980,29981,29980,29980,29981,29975,29976,29976]} 1. d4 Nf6 2. Nf3 e6 3. Bf4 d5 4. c3 c5 5. e3 Nc6 6. Nbd2 Bd6 7. Bg3 O-O 8. Bd3 h6 {D02: 1 d4 d5 2 Nf3 sidelines, including 2...Nf6 3 g3 and 2...Nf6 3 Bf4} (8... b6 9. Ne5 Bb7 10. O-O Qc7 11. f4 Ne7 12. Qb1 Qc8 13. Bh4 Nf5 14. Bxf5 exf5 15. Bxf6 gxf6 16. Nef3 Qe6 17. Re1 Ba6 18. Nh4 cxd4 19. exd4 {1-0 (28) Korobov,A (2692)-Dominguez Perez,L (2739) Doha 2016}) 9. Ne5 Bxe5 10. dxe5 Nd7 {LiveBook: 3 Games. White has an edge.} 11. Nf3 Qc7 {[%cal Rd7e5]} 12. Bb5 $146 (12. e4 $11) ({Find the theoretical novelty and annotate with similar games:} 12. O-O Ndxe5 13. e4 Nxf3+ 14. Qxf3 Qd8 15. Rad1 {½-½ (24) Bellini,F (2484)-Arlandi,E (2448) Corridonia 2000}) 12... Ncxe5 13. Nxe5 Nxe5 14. O-O Qb6 15. a4 Ng6 16. Bd3 f5 17. c4 Qd8 18. cxd5 exd5 19. Qc2 b6 20. Rad1 Qf6 21. Be2 Bb7 22. Bf3 Rad8 23. Qb3 Qf7 24. Bh5 Qe6 25. a5 Ne5 (25... Rd7 $15) 26. axb6 $11 axb6 27. Bxe5 $1 Qxe5 28. Qxb6 Qe7 29. Bf3 Rf6 30. Qa5 Ra6 31. Qc3 Qc7 32. Rc1 Rc8 33. Rfd1 Rd6 34. Qe5 {[%cal Rf3d5]} Qd7 35. h4 Re8 36. Qf4 Rc8 37. Rd2 Qe6 38. Rcd1 Rcd8 39. h5 Qf6 40. Rc1 Rc8 41. Rdc2 c4 42. Rd1 (42. b3 $5) 42... Rcd8 43. Rd4 Bc6 {[#]} 44. Rcd2 (44. b3 $1 $16 {[%mdl 512]}) 44... Qe6 45. g3 (45. Be2 $5 {[%cal Re2c4]}) 45... Qf6 46. Bg2 Qg5 {[#]} (46... R6d7 $14) 47. Bf3 (47. Rxc4 $1 $16 {[%mdl 512] Black must now prevent Rc5.} Qxh5 (47... dxc4 48. Rxd6) 48. Rc5) 47... Qxf4 (47... Qf6 $11 {keeps the balance.}) 48. Rxf4 $16 Be8 49. Rdd4 g6 50. hxg6 Bxg6 51. Rd2 Kf7 52. Rh4 Bh7 53. Kg2 Ke7 54. Rhd4 {[%cal Rf3d5]} Bg8 55. Be2 Be6 56. Kf3 Kf6 {[#]} (56... Rc6 $11) 57. Kf4 ({Only move:} 57. Bxc4 $1 $16 {[%mdl 512] aiming for b4.} Rb8 (57... dxc4 58. Rxd6) 58. Ba2 (58. Bxd5 Bxd5+ 59. Rxd5 Rxd5 $16)) 57... Rb6 {[#]} ({Better is} 57... R6d7 $14) 58. Bxc4 $1 {[%mdl 512]} Rdb8 (58... Rg8 $16 {keeps fighting.}) (58... dxc4 59. Rxd8) 59. Bxd5 $18 Rxb2 60. Bxe6 Rxd2 61. Rxd2 Kxe6 {[%mdl 4096] Endgame KR-KR} 62. Rd4 Rb1 (62... Rb6 $142 63. Ra4 Kf6) 63. Ra4 Rf1 $2 (63... Rb6 64. f3 Kf6) 64. Ra6+ Kf7 65. f3 Kg7 (65... h5 $142 66. Rh6 Rh1 67. Kxf5 Rh3) 66. Ra5 Kg6 67. Rxf5 Rxf3+ (67... Ra1 $18 68. e4 Kg7) 68. Kxf3 {White mates.} Kxf5 69. e4+ Ke5 70. Ke3 h5 71. Kf3 {Precision: White = 57%, Black = 33%.} 1-0

[Event "GER-ch Rapid Women 2017"]
[Site "Erfurt"]
[Date "2017.07.30"]
[Round "9"]
[White "Fuchs, Judith"]
[Black "Daemering, Katrin"]
[Result "1/2-1/2"]
[WhiteElo "2285"]
[BlackElo "2033"]
[Annotator "NA"]
[PlyCount "124"]
[EventDate "2017.??.??"]
[EventType "swiss"]
[EventCountry "GER"]
[SourceTitle "playchess.com"]
[Source "ChessBase"]
[SourceQuality "1"]
[TimeControl "1200"]

1. b3 {[%emt 0:00:02]} Nf6 {[%emt 0:00:04]} 2. Bb2 {[%emt 0:00:01]} g6 {[%emt 0:00:02]} 3. Bxf6 {[%emt 0:00:02]} exf6 {[%emt 0:00:01]} 4. c4 {[%emt 0:00:01]} Bg7 {[%emt 0:00:01]} 5. Nc3 {[%emt 0:00:02]} O-O {[%emt 0:00:02]} 6. g3 {[%emt 0:00:10]} f5 {[%emt 0:00:18]} 7. Rc1 {[%emt 0:00:02]} d6 {[%emt 0:00:23]} 8. Bg2 {[%emt 0:00:02]} Nc6 {[%emt 0:00:27]} 9. e3 {[%emt 0:00:13]} Re8 {[%emt 0:01:08]} 10. Nge2 {[%emt 0:00:07]} a6 {[%emt 0:00:23]} 11. O-O {[%emt 0:00:15]} Bd7 {[%emt 0:00:07]} 12. d4 {[%emt 0:00:02]} Rb8 {[%emt 0:00:09]} 13. a3 {[%emt 0:01:20]} Ne7 {[%emt 0:00:43]} 14. b4 {[%emt 0:00:13]} c6 {[%emt 0:00:28]} 15. Qd2 {[%emt 0:00:38]} g5 {[%emt 0:00:34]} 16. Rfd1 {[%emt 0:00:36]} Ng6 {[%emt 0:00:52]} 17. d5 {[%emt 0:02:32]} Bf8 {[%emt 0:00:02]} 18. Nd4 {[%emt 0:01:04]} Ne5 {[%emt 0:01:06]} 19. Qa2 {[%emt 0:00:03]} Qf6 {[%emt 0:00:54]} 20. Nce2 {[%emt 0:01:59]} Rbd8 {[%emt 0:01:24]} 21. Qa1 {[%emt 0:00:20]} Qh6 {[%emt 0:00:56]} 22. Qb1 {[%emt 0:00:13]} Qg6 {[%emt 0:00:10]} 23. Bh3 {[%emt 0:01:01]} c5 {[%emt 0:02:17]} 24. bxc5 {[%emt 0:00:23]} dxc5 {[%emt 0:00:01]} 25. Bxf5 {[%emt 0:04:17]} Qh5 {[%emt 0:00:13]} 26. g4 {[%emt 0:01:12]} Nxg4 {[%emt 0:00:05]} 27. Nf3 {[%emt 0:00:07]} Nxe3 {[%emt 0:04:42]} 28. fxe3 {[%emt 0:00:02]} Qxf3 {[%emt 0:00:21]} 29. Ng3 {[%emt 0:00:01]} Qxe3+ {[%emt 0:00:22]} 30. Kg2 {[%emt 0:00:06]} Bxf5 {[%emt 0:00:07]} 31. Qxf5 {[%emt 0:00:02]} Re5 {[%emt 0:00:10]} 32. Qc2 {[%emt 0:00:28]} Rde8 {[%emt 0:00:02]} 33. Rd3 {[%emt 0:00:21]} Qf4 {[%emt 0:00:08]} 34. Rf3 {[%emt 0:00:08]} Qg4 {[%emt 0:00:07]} 35. Rf2 {[%emt 0:00:01]} h6 {[%emt 0:00:14]} 36. Rcf1 {[%emt 0:00:05]} R8e7 {[%emt 0:00:03]} 37. h3 {[%emt 0:00:07]} Qd7 {[%emt 0:00:01]} 38. Nh5 {[%emt 0:00:05]} Bg7 {[%emt 0:00:03]} 39. Rf6 {[%emt 0:00:09]} Re2+ {[%emt 0:00:02]} 40. Qxe2 {[%emt 0:00:13]} Rxe2+ {[%emt 0:00:01]} 41. Kg3 {[%emt 0:00:16]} Re3+ {[%emt 0:00:01]} 42. R6f3 {[%emt 0:00:04]} Rxf3+ {[%emt 0:00:01]} 43. Rxf3 {[%emt 0:00:00]} Qd6+ {[%emt 0:00:02]} 44. Kg2 {[%emt 0:00:01]} Qe5 {[%emt 0:00:02]} 45. Ng3 {[%emt 0:00:01]} Qb2+ {[%emt 0:00:01]} 46. Rf2 {[%emt 0:00:01]} Qxa3 {[%emt 0:00:01]} 47. Nf5 {[%emt 0:00:01]} Qc3 {[%emt 0:00:01]} 48. d6 {[%emt 0:00:04]} Qxc4 {[%emt 0:00:02]} 49. d7 {[%emt 0:00:05]} Qd5+ {[%emt 0:00:01]} 50. Rf3 {[%emt 0:00:03]} Qxd7 {[%emt 0:00:01]} 51. Kg3 {[%emt 0:00:00]} c4 {[%emt 0:00:01]} 52. Ne3 {[%emt 0:00:02]} b5 {[%emt 0:00:01]} 53. Nf5 {[%emt 0:00:01]} Be5+ {[%emt 0:00:01]} 54. Kg2 {[%emt 0:00:02]} Qd2+ 55. Rf2 Qd5+ {[%emt 0:00:03]} 56. Kf1 {[%emt 0:00:05]} Qd3+ {[%emt 0:00:01]} 57. Kg2 {[%emt 0:00:01]} c3 {[%emt 0:00:01]} 58. Ne7+ {[%emt 0:00:01]} Kf8 {[%emt 0:00:02]} 59. Nf5 {[%emt 0:00:03]} Qg3+ {[%emt 0:00:02] Nxh6 [%clk 0:00:23] Qxh3+ [%clk 0:00:20]} 60. Kf1 {[%emt 0:00:01] Qxh6 [%clk 0:00:19] Ke2 [%clk 0:00:22]} b4 {[%emt 0:00:04] Kd3 [%clk 0:00:21] Qd6+ [%clk 0:00:17]} 61. Re2 {[%emt 0:00:03]} b3 {[%emt 0:00:03] Kc2 [%clk 0:00:19] Qd5+ Kxb3 Qd3 [%clk 0:00:13]} 62. Rc2 {[%emt 0:00:02] Qxc2+ Kxc2 [%clk 0:00:17]} a5 {[%emt 0:00:04] Kb3 [%clk 0:00:17] Ke7 Kc2 a4 [%clk 0:00:09] Kb1 [%clk 0:00:16] Kd6 Kc2 Kc5 Kb1 Kc4 Kc2 Kb4 [%clk 0:00:06] Kb1 [%clk 0:00:14] a3 [%clk 0:00:06] Kc2 [%clk 0:00:14] a2 [%clk 0:00:05] Kd3 [%clk 0:00:14] a1=Q [%clk 0:00:03] Ke4 [%clk 0:00:13] Qe1+ [%clk 0:00:02] Kf5 [%clk 0:00:13] Qf2+ [%clk 0:00:01] Kxe5 [%clk 0:00:11] Qf4+ Ke4} 1/2-1/2

[Event "GER-ch Rapid Women 2017"]
[Site "Erfurt"]
[Date "2017.07.30"]
[Round "9"]
[White "Mader, Manuela"]
[Black "Zschischang, Marine"]
[Result "1/2-1/2"]
[WhiteElo "2203"]
[BlackElo "2057"]
[Annotator "NA"]
[PlyCount "111"]
[EventDate "2017.??.??"]
[EventType "swiss"]
[EventCountry "GER"]
[SourceTitle "playchess.com"]
[Source "ChessBase"]
[SourceQuality "1"]
[TimeControl "1200"]

1. e4 {[%emt 0:00:01]} e6 {[%emt 0:00:00]} 2. d4 {[%emt 0:00:02]} d5 {[%emt 0:00:01]} 3. Nd2 {[%emt 0:00:01]} dxe4 {[%emt 0:00:01]} 4. Nxe4 {[%emt 0:00:02]} Nd7 {[%emt 0:00:01]} 5. Nf3 {[%emt 0:00:13]} Ngf6 {[%emt 0:00:01]} 6. Ng3 {[%emt 0:00:06]} c5 {[%emt 0:00:03]} 7. Be2 {[%emt 0:00:49]} cxd4 {[%emt 0:00:24]} 8. Nxd4 {[%emt 0:00:13]} Bc5 {[%emt 0:00:09]} 9. O-O {[%emt 0:00:10]} O-O {[%emt 0:00:20]} 10. c3 {[%emt 0:00:52]} a6 {[%emt 0:00:34]} 11. Qc2 {[%emt 0:01:36]} Qc7 {[%emt 0:00:19]} 12. Nb3 {[%emt 0:01:27]} Ba7 {[%emt 0:00:42]} 13. Ne4 {[%emt 0:00:23]} b5 {[%emt 0:00:50]} 14. Bg5 {[%emt 0:00:19]} Bb7 {[%emt 0:01:07]} 15. Nxf6+ {[%emt 0:02:29]} Nxf6 {[%emt 0:00:01]} 16. Bxf6 {[%emt 0:00:02]} gxf6 {[%emt 0:00:01]} 17. Nd2 {[%emt 0:00:31]} Rfd8 {[%emt 0:00:48]} 18. Ne4 {[%emt 0:00:33]} Qf4 {[%emt 0:01:38]} 19. Ng3 {[%emt 0:03:29]} Rd2 {[%emt 0:01:59]} 20. Qb3 {[%emt 0:00:04]} Bd5 {[%emt 0:00:59]} 21. Qa3 {[%emt 0:00:13]} Qc7 {[%emt 0:00:22]} 22. Rad1 {[%emt 0:00:31]} Bc5 {[%emt 0:00:37]} 23. b4 {[%emt 0:00:01]} Rxa2 {[%emt 0:00:09]} 24. Qc1 {[%emt 0:00:08]} Bf8 {[%emt 0:00:15]} 25. Bd3 {[%emt 0:00:20]} Bg7 {[%emt 0:03:41]} 26. Bb1 {[%emt 0:00:32]} Ra4 {[%emt 0:00:25]} 27. Qc2 {[%emt 0:01:08]} f5 {[%emt 0:00:15]} 28. Nxf5 {[%emt 0:00:04]} exf5 {[%emt 0:00:01]} 29. Rxd5 {[%emt 0:00:01]} Qxc3 {[%emt 0:00:03]} 30. Qxf5 {[%emt 0:00:01]} Rxb4 {[%emt 0:00:35]} 31. Rd7 {[%emt 0:00:24]} Qb3 {[%emt 0:02:03]} 32. Qxh7+ {[%emt 0:00:04]} Kf8 {[%emt 0:00:01]} 33. Be4 {[%emt 0:00:03]} Qe6 {[%emt 0:00:21]} 34. Bf5 {[%emt 0:00:13]} Qh6 {[%emt 0:00:12]} 35. Rfd1 {[%emt 0:00:36]} Qxh7 {[%emt 0:00:02]} 36. Bxh7 {[%emt 0:00:01]} a5 {[%emt 0:00:14]} 37. g3 {[%emt 0:00:01]} a4 {[%emt 0:00:01]} 38. Be4 {[%emt 0:00:08]} Re8 {[%emt 0:00:02]} 39. Bd5 {[%emt 0:00:00]} Re7 {[%emt 0:00:04]} 40. Rd8+ {[%emt 0:00:19]} Re8 {[%emt 0:00:01]} 41. Rd6 {[%emt 0:00:04]} Be5 {[%emt 0:00:01]} 42. Ra6 {[%emt 0:00:02]} Re7 {[%emt 0:00:03]} 43. h4 {[%emt 0:00:09]} Rd4 {[%emt 0:00:02]} 44. Rxd4 {[%emt 0:00:04]} Bxd4 {[%emt 0:00:01]} 45. Kf1 {[%emt 0:00:15]} Rd7 {[%emt 0:00:01]} 46. Bc6 {[%emt 0:00:02]} Rc7 {[%emt 0:00:01]} 47. Bxb5 {[%emt 0:00:02]} Rc1+ {[%emt 0:00:02]} 48. Kg2 {[%emt 0:00:01]} Rc2 {[%emt 0:00:01]} 49. Rxa4 {[%emt 0:00:02]} Rxf2+ {[%emt 0:00:01]} 50. Kh3 {[%emt 0:00:00]} Rf3 {[%emt 0:00:02]} 51. Rxd4 {[%emt 0:00:01]} Rb3 {[%emt 0:00:01]} 52. Bc4 {[%emt 0:00:01]} Rb4 {[%emt 0:00:01]} 53. Rf4 {[%emt 0:00:01]} Ke8 {[%emt 0:00:01]} 54. Bxf7+ {[%emt 0:00:02]} Ke7 {[%emt 0:00:01]} 55. Rxb4 {[%emt 0:00:01]} Kxf7 {[%emt 0:00:01]} 56. Kg4 {[%emt 0:00:01]} 1/2-1/2

[Event "GER-ch Rapid Women 2017"]
[Site "Erfurt"]
[Date "2017.07.30"]
[Round "9"]
[White "Ries, Jutta"]
[Black "Birkholz, Olga"]
[Result "1/2-1/2"]
[WhiteElo "2051"]
[BlackElo "2076"]
[Annotator "NA"]
[PlyCount "64"]
[EventDate "2017.??.??"]
[EventType "swiss"]
[EventCountry "GER"]
[SourceTitle "playchess.com"]
[Source "ChessBase"]
[SourceQuality "1"]
[TimeControl "1200"]

1. f4 {[%emt 0:00:02]} d5 {[%emt 0:00:03]} 2. Nf3 {[%emt 0:00:02]} g6 {[%emt 0:00:01]} 3. e3 {[%emt 0:00:02]} Bg7 {[%emt 0:00:01]} 4. Nc3 {[%emt 0:00:03]} Nf6 {[%emt 0:00:22]} 5. b3 {[%emt 0:00:03]} c5 {[%emt 0:00:33]} 6. Bb2 {[%emt 0:00:02]} O-O {[%emt 0:00:03]} 7. Bd3 {[%emt 0:01:19]} Nc6 {[%emt 0:00:08]} 8. O-O {[%emt 0:00:05]} Nb4 {[%emt 0:00:15]} 9. Ne5 {[%emt 0:01:02]} Nxd3 {[%emt 0:00:18]} 10. Nxd3 {[%emt 0:00:09]} Bf5 {[%emt 0:02:01]} 11. Nxc5 {[%emt 0:00:33]} d4 {[%emt 0:00:19]} 12. Ne2 {[%emt 0:00:44]} dxe3 {[%emt 0:01:04]} 13. dxe3 {[%emt 0:00:55]} Qc7 {[%emt 0:00:16]} 14. Nd3 {[%emt 0:00:21]} Nd5 {[%emt 0:02:29]} 15. Bxg7 {[%emt 0:05:56]} Kxg7 {[%emt 0:00:02]} 16. Qd2 {[%emt 0:00:35]} Rad8 {[%emt 0:00:30]} 17. Nd4 {[%emt 0:00:38]} e6 {[%emt 0:00:32]} 18. Nxf5+ {[%emt 0:00:10]} exf5 {[%emt 0:00:03]} 19. c4 {[%emt 0:00:11]} Ne7 {[%emt 0:00:47]} 20. Qc3+ {[%emt 0:00:04]} f6 {[%emt 0:00:01]} 21. Rad1 {[%emt 0:00:04]} Nc6 {[%emt 0:00:35]} 22. Nb4 {[%emt 0:00:43]} Nxb4 {[%emt 0:01:33]} 23. Qxb4 {[%emt 0:00:02]} Rfe8 {[%emt 0:00:13]} 24. Qc3 {[%emt 0:00:42]} Qc5 {[%emt 0:00:44]} 25. Rxd8 {[%emt 0:00:23]} Rxd8 {[%emt 0:00:01]} 26. Re1 {[%emt 0:00:03]} b6 {[%emt 0:00:31]} 27. Kf2 {[%emt 0:00:16]} Qa3 {[%emt 0:00:22]} 28. Re2 {[%emt 0:00:03]} Qd6 {[%emt 0:00:24]} 29. b4 {[%emt 0:00:04]} Qd1 {[%emt 0:00:15]} 30. Qc2 {[%emt 0:00:09]} Qh1 {[%emt 0:00:31]} 31. Rd2 {[%emt 0:00:46]} Rxd2+ {[%emt 0:00:51]} 32. Qxd2 {[%emt 0:00:01]} Qxh2 {[%emt 0:00:01]} 1/2-1/2

[Event "GER-ch Rapid Women 2017"]
[Site "Erfurt"]
[Date "2017.07.30"]
[Round "9"]
[White "Rath, Alina"]
[Black "Rogozenco, Teodora"]
[Result "1-0"]
[WhiteElo "2035"]
[BlackElo "2169"]
[Annotator "NA"]
[PlyCount "57"]
[EventDate "2017.??.??"]
[EventType "swiss"]
[EventCountry "GER"]
[SourceTitle "playchess.com"]
[Source "ChessBase"]
[SourceQuality "1"]
[TimeControl "1200"]

1. c4 {[%emt 0:00:01]} Nf6 {[%emt 0:00:03]} 2. Nc3 {[%emt 0:00:01]} g6 {[%emt 0:00:01]} 3. g3 {[%emt 0:00:01]} Bg7 {[%emt 0:00:01]} 4. Bg2 {[%emt 0:00:01]} O-O {[%emt 0:00:02]} 5. e4 {[%emt 0:00:01]} d6 {[%emt 0:00:01]} 6. Nge2 {[%emt 0:00:02]} Nfd7 {[%emt 0:00:41]} 7. O-O {[%emt 0:00:04]} c5 {[%emt 0:00:10]} 8. d3 {[%emt 0:00:03]} Nc6 {[%emt 0:00:01]} 9. Be3 {[%emt 0:00:03]} Nd4 {[%emt 0:00:04]} 10. h3 {[%emt 0:00:07]} Qa5 {[%emt 0:01:32]} 11. Bd2 {[%emt 0:02:04]} Qd8 {[%emt 0:00:04]} 12. Be3 {[%emt 0:00:02]} Qa5 {[%emt 0:00:02]} 13. Bd2 {[%emt 0:00:42]} Qd8 {[%emt 0:00:11]} 14. Be3 {[%emt 0:00:16]} e6 {[%emt 0:01:12]} 15. a3 {[%emt 0:00:02]} Nxe2+ {[%emt 0:00:14]} 16. Qxe2 {[%emt 0:00:02]} Bxc3 {[%emt 0:00:02]} 17. bxc3 {[%emt 0:00:01]} e5 {[%emt 0:00:05]} 18. Bh6 {[%emt 0:00:08]} Re8 {[%emt 0:00:02]} 19. Qe3 {[%emt 0:00:09]} Nf8 {[%emt 0:00:20]} 20. f4 {[%emt 0:00:15]} f6 {[%emt 0:00:21]} 21. f5 {[%emt 0:00:57]} g5 {[%emt 0:00:19]} 22. h4 {[%emt 0:00:02]} gxh4 {[%emt 0:00:17]} 23. gxh4 {[%emt 0:00:01]} Kh8 {[%emt 0:00:02]} 24. Bf3 {[%emt 0:00:11]} Bd7 {[%emt 0:00:15]} 25. Kh2 {[%emt 0:00:09]} Re7 {[%emt 0:00:03]} 26. Rg1 {[%emt 0:00:08]} Be8 {[%emt 0:00:02]} 27. Rg2 {[%emt 0:00:11]} Bc6 {[%emt 0:01:12]} 28. Rag1 {[%emt 0:00:12]} Nd7 {[%emt 0:00:17]} 29. Bg7+ {[%emt 0:00:04]} 1-0

[Event "GER-ch Rapid Women 2017"]
[Site "Erfurt"]
[Date "2017.07.30"]
[Round "9"]
[White "Zahn, Alina"]
[Black "Ganser, Ganokorn"]
[Result "1-0"]
[WhiteElo "2025"]
[BlackElo "1698"]
[Annotator "NA"]
[PlyCount "67"]
[EventDate "2017.??.??"]
[EventType "swiss"]
[EventCountry "GER"]
[SourceTitle "playchess.com"]
[Source "ChessBase"]
[SourceQuality "1"]
[TimeControl "1200"]

1. e4 {[%emt 0:00:01]} c5 {[%emt 0:00:01]} 2. Nf3 {[%emt 0:00:02]} d6 {[%emt 0:00:00]} 3. d4 {[%emt 0:00:01]} cxd4 4. Nxd4 Nf6 {[%emt 0:00:03]} 5. f3 {[%emt 0:00:02]} a6 {[%emt 0:00:27]} 6. c4 {[%emt 0:00:02]} g6 {[%emt 0:01:34]} 7. Be3 {[%emt 0:00:03]} Bg7 {[%emt 0:00:02]} 8. Be2 {[%emt 0:00:14]} Nc6 {[%emt 0:00:02]} 9. Qd2 {[%emt 0:00:07]} Nxd4 {[%emt 0:01:00]} 10. Bxd4 {[%emt 0:00:11]} Be6 {[%emt 0:00:02]} 11. Nc3 {[%emt 0:00:45]} Rc8 {[%emt 0:00:01]} 12. b3 {[%emt 0:00:01]} Qa5 {[%emt 0:00:04]} 13. a3 {[%emt 0:02:41]} O-O {[%emt 0:01:51]} 14. O-O {[%emt 0:00:08]} Nd7 {[%emt 0:02:06]} 15. Bxg7 {[%emt 0:03:38]} Kxg7 {[%emt 0:00:02]} 16. f4 {[%emt 0:00:22]} Nf6 {[%emt 0:03:26]} 17. Kh1 {[%emt 0:02:08]} Rfd8 {[%emt 0:02:22]} 18. Rfe1 {[%emt 0:00:24]} Qb6 {[%emt 0:00:52]} 19. Rf1 {[%emt 0:03:03]} Bd7 {[%emt 0:03:43]} 20. Qb2 {[%emt 0:01:12]} Kg8 {[%emt 0:00:01]} 21. Rae1 {[%emt 0:00:28]} Bc6 {[%emt 0:00:01]} 22. Nd5 {[%emt 0:00:34]} Bxd5 {[%emt 0:00:26]} 23. exd5 {[%emt 0:00:04]} Re8 {[%emt 0:00:38]} 24. Bd3 {[%emt 0:00:08]} Ng4 {[%emt 0:00:13]} 25. Rf3 {[%emt 0:00:37]} Qc7 {[%emt 0:00:14]} 26. h3 {[%emt 0:00:05]} Nf6 {[%emt 0:00:01]} 27. Rfe3 {[%emt 0:00:09]} Nh5 {[%emt 0:00:16]} 28. f5 {[%emt 0:00:15]} Qd7 {[%emt 0:00:08]} 29. fxg6 {[%emt 0:00:10]} hxg6 {[%emt 0:00:02]} 30. Be2 {[%emt 0:00:08]} Nf6 {[%emt 0:00:01]} 31. Bf3 {[%emt 0:00:08]} Rc7 {[%emt 0:00:03]} 32. Qd4 {[%emt 0:00:20]} b5 {[%emt 0:00:01]} 33. Be2 {[%emt 0:00:27]} bxc4 {[%emt 0:00:01]} 34. Bxc4 {[%emt 0:00:02]} 1-0